Psychosociálna podpora postihnutým

Bibliographic Details
Main Author: Krbata, Roman (Author)
Format: Article
Language:Slovak
PhysicalDescription:Graf, tab.
ISSN:1336-0019
Subjects:

MARC

LEADER 00000nab a2200000 a 4500
001 vtls010105077
003 SK-MaSNL
005 20260305041929.0
008 250507c2009 xo ||||||||||||00 b|slo
015 |a SNBRB2010/06  |2 snkbucl 
035 |a (uuid)8dafc54e-b44c-410f-938a-f314c632bf6e 
035 |a urn:nbn:sk:snk-ab94jc 
035 |a (urnnbn)urn:nbn:sk:snk:ar-0025x9 
038 |a SNKBUCL 
040 |a SNKBUCL  |b slo  |c SNKBUCL  |e AACR2 
041 0 |a slo  |b eng 
044 |a xo  |c SK 
080 |a 364-787-056.26  |2 2001 
100 1 |a Krbata, Roman  |4 aut  |9 820639 
245 1 0 |a Psychosociálna podpora postihnutým  |c Roman Krbata 
300 |b Graf, tab. 
504 |a Bibliogr. odkazy 
546 |a Res. angl. 
650 0 7 |a zdravotne postihnuté osoby  |2 snkbucl  |9 1249 
650 0 7 |a psychosociálna pomoc  |2 snkbucl  |9 81469 
773 0 |t Krízový manažment = Crisis Management  |g Roč. 8, č. 2 (2009), s. 59-65  |x 1336-0019 
850 |a Slovenská národná knižnica 
852 |a Slovenská národná knižnica 
954 |a odborná, vedecká literatúra pôvodná (slovenská)  |2 lita 
958 |a article13 
958 |a OND 
958 |a NB 
958 |a EUIPO 
999 |c 3345539  |d 3347469